00620nam a2200205Ia 4500003000900000008004100009020001800050040001600068080001700084100002400101245004700125260004800172300001400220650001800234650002100252700002600273942000700299999001500306952009300321IN-BaIIA211028s9999 xx 000 0 eng d a0-521-30038-X cIIA Library a524.352bSUP aMurdin, Paul911053 0aSupernovaec Paul Murdin and Lesley Murdin aCambridgebCambridge University Pressc1985 aix, 185p. aAstronomy980 aSupernovae91357 aMurdin, Lesley914482 cBK c8957d8957 00104070aBANbBANcGENd1987-02-11l0o524.352/ SUPp9844r2021-11-05w1987-02-11yBK